Al andalus en Elmu"yam Albuldan de Yaqut / (رقم التسجيلة. 42385)
[ عرض عادي ]
| 000 -LEADER | |
|---|---|
| fixed length control field | 00887cam a2200253 a 4500 |
| 003 - CONTROL NUMBER IDENTIFIER | |
| control field | EG-GiCUC |
| 005 - DATE AND TIME OF LATEST TRANSACTION | |
| control field | 20250223030816.0 |
| 008 - FIXED-LENGTH DATA ELEMENTS--GENERAL INFORMATION | |
| fixed length control field | 130401s1970 ua f m 000 0 spa d |
| 040 ## - CATALOGING SOURCE | |
| Original cataloging agency | EG-GiCUC |
| Language of cataloging | spa |
| Transcribing agency | EG-GiCUC |
| 041 0# - LANGUAGE CODE | |
| Language code of text/sound track or separate title | spa |
| 049 ## - LOCAL HOLDINGS (OCLC) | |
| Holding library | Gift |
| 097 ## - Thesis Degree | |
| Thesis Level | Ph.D |
| 099 ## - LOCAL FREE-TEXT CALL NUMBER (OCLC) | |
| Classification number | Cai01.34.Ph.D.1970.Ga.A |
| 100 0# - MAIN ENTRY--PERSONAL NAME | |
| Personal name | Gamal Muhammad Ali Abdalkarim |
| 245 13 - TITLE STATEMENT | |
| Title | Al andalus en Elmu"yam Albuldan de Yaqut / |
| Statement of responsibility, etc. | Gamal Muhammad Ali Abdalkarim ; Direccion del Jacinto Bosch Vila |
| 260 ## - PUBLICATION, DISTRIBUTION, ETC. | |
| Place of publication, distribution, etc. | Madrid : |
| Name of publisher, distributor, etc. | Gamal Muhammad Ali Abdalkarim , |
| Date of publication, distribution, etc. | 1970 |
| 300 ## - PHYSICAL DESCRIPTION | |
| Extent | 60301Leaves ; |
| Dimensions | 30cm |
| 502 ## - DISSERTATION NOTE | |
| Dissertation note | Thesis (Ph.D.) - Sevilla University - Faculty of Filosofia Y letras - Department of Historia del Islam (Spanish) |
| 700 0# - ADDED ENTRY--PERSONAL NAME | |
| Personal name | Jacinto Bosch Vila , |
| Relator term | |
| 856 ## - ELECTRONIC LOCATION AND ACCESS | |
| Uniform Resource Identifier | <a href="http://172.23.153.220/th.pdf">http://172.23.153.220/th.pdf</a> |
| 905 ## - LOCAL DATA ELEMENT E, LDE (RLIN) | |
| Cataloger | Fatma |
| Reviser | Cataloger |
| 905 ## - LOCAL DATA ELEMENT E, LDE (RLIN) | |
| Cataloger | Nazla |
| Reviser | Revisor |
| 942 ## - ADDED ENTRY ELEMENTS (KOHA) | |
| Source of classification or shelving scheme | Dewey Decimal Classification |
| Koha item type | Thesis |
| Source of classification or shelving scheme | Not for loan | Home library | Current library | Date acquired | Full call number | Barcode | Date last seen | Koha item type |
|---|---|---|---|---|---|---|---|---|
| Dewey Decimal Classification | المكتبة المركزبة الجديدة - جامعة القاهرة | قاعة الثقاقات الاجنبية - الدور الثالث | 11.02.2024 | Cai01.34.Ph.D.1970.Ga.A | 01010110060301000 | 05.07.2024 | Thesis |